书目信息 |
| 题名: |
零元游西藏
|
|
| 作者: | 周国宝 主编 ;亲历者编辑部 编著 | |
| 分册: | ||
| 出版信息: | 北京 中国铁道出版社 2018 |
|
| 页数: | 222页 | |
| 开本: | 21cm | |
| 丛书名: | ||
| 单 册: | ||
| 中图分类: | K928.975 , K928.9 | |
| 科图分类: | ||
| 主题词: | 旅游指南--西藏 | |
| 电子资源: | ||
| ISBN: | 978-7-113-23514-7 | |
| 000 | 00951nam0 2200265 450 | |
| 001 | 2350139870 | |
| 005 | 20231130135622.61 | |
| 010 | @a978-7-113-23514-7@dCNY48.00 | |
| 100 | @a20180117d2018 em y0chiy0120 ea | |
| 101 | 0 | @achi |
| 102 | @aCN@b110000 | |
| 105 | @aa z 000yy | |
| 200 | 1 | @a零元游西藏@9ling yuan you xi zang@f《亲历者》编辑部编著 |
| 210 | @a北京@c中国铁道出版社@d2018 | |
| 215 | @a222页@c照片@d21cm | |
| 300 | @a亲历者旅游书架 亲历者旅行指南 | |
| 314 | @a封底折页题:周国宝主编 | |
| 330 | @a本书带领读者领略西藏最纯粹的自然与人文风光,分区域介绍了西藏值得一游的免费景点,还带领读者去感受最热闹的民俗节庆、品尝最纯正的西藏美食、参与最虔诚的转山转湖,使读者深入了解西藏的民俗景观。 | |
| 606 | 0 | @a旅游指南@y西藏 |
| 690 | @aK928.975@v5 | |
| 690 | @aK928.9@v4 | |
| 701 | 0 | @a周国宝@9zhou guo bao@4主编 |
| 712 | 02 | @a亲历者编辑部@9qin li zhe bian ji bu@4编著 |
| 801 | 2 | @aCN@b58marc.cn@c20180318 |
| 905 | @aBZT@dK928.9@e127 | |
| 零元游西藏/《亲历者》编辑部编著.-北京:中国铁道出版社,2018 |
| 222页:照片;21cm |
| 亲历者旅游书架 亲历者旅行指南 |
| ISBN 978-7-113-23514-7:CNY48.00 |
| 本书带领读者领略西藏最纯粹的自然与人文风光,分区域介绍了西藏值得一游的免费景点,还带领读者去感受最热闹的民俗节庆、品尝最纯正的西藏美食、参与最虔诚的转山转湖,使读者深入了解西藏的民俗景观。 |
| ● |
| 相关链接 |
|
|
|
正题名:零元游西藏
索取号:K928.9/127
 
预约/预借
| 序号 | 登录号 | 条形码 | 馆藏地/架位号 | 状态 | 备注 |
| 1 | 2001241039 | 2001241039 | 中教(第二批第二书库)/山东中教(第二批)/2553/ [索取号:K928.9/127] | 在馆 | |
| 2 | 2001241040 | 2001241040 | 中教(第二批第二书库)/山东中教(第二批)/2553/ [索取号:K928.9/127] | 在馆 | |
| 3 | 2001241041 | 2001241041 | 中教(第二批第二书库)/山东中教(第二批)/2553/ [索取号:K928.9/127] | 在馆 | |
| 4 | 2001241042 | 2001241042 | 中教(第二批第二书库)/山东中教(第二批)/2553/ [索取号:K928.9/127] | 在馆 | |
| 5 | 2001241043 | 2001241043 | 中教(第二批第二书库)/山东中教(第二批)/2553/ [索取号:K928.9/127] | 在馆 | |
| 6 | 2001241044 | 2001241044 | 中教(第二批第二书库)/山东中教(第二批)/2553/ [索取号:K928.9/127] | 在馆 | |
| 7 | 2001241045 | 2001241045 | 中教(第二批第二书库)/山东中教(第二批)/2553/ [索取号:K928.9/127] | 在馆 | |
| 8 | 2001241046 | 2001241046 | 中教(第二批第二书库)/山东中教(第二批)/2553/ [索取号:K928.9/127] | 在馆 | |
| 9 | 2001241047 | 2001241047 | 中教(第二批第二书库)/山东中教(第二批)/2553/ [索取号:K928.9/127] | 在馆 | |
| 10 | 2001241048 | 2001241048 | 中教(第二批第二书库)/山东中教(第二批)/2553/ [索取号:K928.9/127] | 在馆 | |
| 11 | 2001241049 | 2001241049 | 中教(第二批第二书库)/山东中教(第二批)/2553/ [索取号:K928.9/127] | 在馆 | |
| 12 | 2001241050 | 2001241050 | 中教(第二批第二书库)/山东中教(第二批)/2553/ [索取号:K928.9/127] | 在馆 | |
| 13 | 2001241051 | 2001241051 | 中教(第二批第二书库)/山东中教(第二批)/2553/ [索取号:K928.9/127] | 在馆 | |
| 14 | 2001241052 | 2001241052 | 中教(第二批第二书库)/山东中教(第二批)/2553/ [索取号:K928.9/127] | 在馆 | |
| 15 | 2001241053 | 2001241053 | 中教(第二批第二书库)/山东中教(第二批)/2553/ [索取号:K928.9/127] | 在馆 | |
| 16 | 2001241054 | 2001241054 | 中教(第二批第二书库)/山东中教(第二批)/2553/ [索取号:K928.9/127] | 在馆 | |
| 17 | 2001241055 | 2001241055 | 中教(第二批第二书库)/山东中教(第二批)/2553/ [索取号:K928.9/127] | 在馆 | |
| 18 | 2001241056 | 2001241056 | 中教(第二批第二书库)/山东中教(第二批)/2553/ [索取号:K928.9/127] | 在馆 | |
| 19 | 2001241057 | 2001241057 | 中教(第二批第二书库)/山东中教(第二批)/2553/ [索取号:K928.9/127] | 在馆 | |
| 20 | 2001241058 | 2001241058 | 中教(第二批第二书库)/山东中教(第二批)/2553/ [索取号:K928.9/127] | 在馆 | |
| 21 | 2001241059 | 2001241059 | 中教(第二批第二书库)/山东中教(第二批)/2553/ [索取号:K928.9/127] | 在馆 | |
| 22 | 2001241060 | 2001241060 | 中教(第二批第二书库)/山东中教(第二批)/2553/ [索取号:K928.9/127] | 在馆 | |
| 23 | 2001241061 | 2001241061 | 中教(第二批第二书库)/山东中教(第二批)/2553/ [索取号:K928.9/127] | 在馆 | |
| 24 | 2001241062 | 2001241062 | 中教(第二批第二书库)/山东中教(第二批)/2553/ [索取号:K928.9/127] | 在馆 | |
| 25 | 2001241063 | 2001241063 | 中教(第二批第二书库)/山东中教(第二批)/2553/ [索取号:K928.9/127] | 在馆 | |
| 26 | 2001241064 | 2001241064 | 中教(第二批第二书库)/山东中教(第二批)/2553/ [索取号:K928.9/127] | 在馆 | |
| 27 | 2001241065 | 2001241065 | 中教(第二批第二书库)/山东中教(第二批)/2553/ [索取号:K928.9/127] | 在馆 | |
| 28 | 2001241066 | 2001241066 | 中教(第二批第二书库)/山东中教(第二批)/2553/ [索取号:K928.9/127] | 在馆 | |
| 29 | 2001241067 | 2001241067 | 中教(第二批第二书库)/山东中教(第二批)/2553/ [索取号:K928.9/127] | 在馆 | |
| 30 | 2001241068 | 2001241068 | 中教(第二批第二书库)/山东中教(第二批)/2553/ [索取号:K928.9/127] | 在馆 |